000 00671nam a2200205Ia 4500
005 20250508162714.0
008 008 250505s9999 xx 000 0 eng d
037 _aTextual
040 _aFEDL
_beng
_cFEDL
041 _aeng
_2eng
084 _a420.7, NCE
_qFEDL
100 _aS K Ram (et al...)
_9773865
245 0 _aReadings in language and language teaching: Reading Comprehension
245 0 _cNational Council of Educational Research and Training
260 _aNew Delhi, India
_bNational Council of Educational Research and Training
_c1983
300 _ax,59p.
546 _aBook 1
942 _cTEXL
_h420.7, NCE
999 _c1378170
_d1378170